000 00438nam a2200181Ia 4500
001 7952
005 20260306160533.0
008 260306t2000||||xx |||||||||||||| ||spa||
041 _aESP
082 _a364.1323
_bP86
100 _aPritzl, Rupert F.J.
_eAUT
245 0 _aCorrupción y rentismo en América Latina
260 _c2000
300 _a391 páginas :
_c21 cm.
650 _aGEN
654 _aCAN
942 _cLIB
_dJUS
_fJUS
_2ddc
_n
999 _c7952
_d7952